00727nam a2200193 a 450000100100000000500170001000800410002704000250006808200160009310000270010924501080013626000410024430000420028550000200032770000400034704900090038795201200039699900170051600002507120200930023539.0110209s1948 sp abc r 000 0 spa d aDO-SdBNPbspacBNPHU axxxxbS113h1 aSaba, Agustín95144510aHistoria de los papas :bdesde San Pedro a Celestino V /cAgustín Saba ; prólogo Bernardino Llorca. aBarcelona, España :bLabor,c1948. av. :bil., mapas., retrs. ;c27.5 cm. aBiblioteca v.1.1 aLlorca, Bernardino,epról.951446 aBNGR 001054708MOaGRbGRcCTd2011-02-09iLF1l0oxxxx S113hp25071-10r2020-06-25w2020-06-25y4ZPréstamo en sala c24564d24564